|
|
|
|
| LEADER |
00000cam a2200000 7i4500 |
| 001 |
0000001008 |
| 005 |
20131207.0 |
| 090 |
0 |
0 |
|a 633.58
|b SHI 1995
|
| 100 |
1 |
0 |
|a SHIM
|h P. S.
|
| 245 |
1 |
0 |
|a Domestication and improvement of rattan
|c P. S. Shim
|
| 260 |
0 |
0 |
|a New Delhi, India :
|b International Network for Bamboo and Rattan ,
|c 1995
|
| 300 |
|
|
|a 28 p. ;
|c 28 cm.
|
| 440 |
0 |
0 |
|a INBAR working paper ; n. 5
|
| 500 |
0 |
0 |
|a Bibliography : [p. 25-28]
|
| 650 |
0 |
0 |
|a Rattan
|
| 710 |
1 |
1 |
|a International Network for Bamboo and Rattan (INBAR)
|
| 998 |
|
|
|a JPSM
|
| 999 |
|
|
|a 0000003051
|b Monograph
|c Open Shelf
|e Default branch
|